|
|
|
|
| LEADER |
01309nam a2200265 a 4500 |
| 001 |
GR-MES5822 |
| 008 |
991123s1982 gr 000 1 gre|c |
| 020 |
|
|
|a 9603291552
|q (τ. 1)
|
| 020 |
|
|
|a 9603291560
|q (τ. 2)
|
| 040 |
|
|
|a GrPaTEI
|b gre
|c GR-PaULI
|
| 084 |
|
|
|a Ξ
|
| 100 |
1 |
|
|a Steinbeck, John,
|d 1902-1968.
|
| 240 |
1 |
0 |
|a East of Eden.
|l Ελληνικά
|
| 245 |
1 |
0 |
|a Ανατολικά της Εδέμ /
|c Τζων Στάϊνμπεκ ; μετάφραση Κοσμάς Πολίτης.
|
| 260 |
|
|
|a Αθήνα :
|b Γράμματα,
|c 1982.
|
| 300 |
|
|
|a 2 τ. ;
|c 21 εκ.
|
| 490 |
0 |
|
|a Λογοτεχνία ;
|v 57
|
| 500 |
|
|
|a Μετάφραση του: East of Eden.
|
| 650 |
|
4 |
|a Αμερικανική λογοτεχνία.
|
| 700 |
1 |
|
|a Πολίτης, Κοσμάς,
|d 1888-1974
|e μεταφραστής.
|
| 942 |
|
|
|2 ddc
|
| 952 |
|
|
|0 0
|1 0
|2 ddc
|3 B' τ.
|4 0
|6 Ξ_STE
|7 0
|9 276206
|a MSLG
|b MSLG
|c BSC
|d 2021-01-17
|e 24
|f 0
|g 0.00
|l 0
|o Ξ STE
|p 2420000009586
|r 2021-01-17 00:00:00
|t 1
|w 2021-01-17
|y BK15
|x 20080528 0 ΜΑΤΣΙΩΡΗ 1
|x GrPaTEI
|
| 952 |
|
|
|0 0
|1 0
|2 ddc
|3 Α' τ.
|4 0
|6 Ξ_STE
|7 0
|9 276207
|a MSLG
|b MSLG
|c BSC
|d 2021-01-17
|e 24
|f 0
|g 0.00
|l 0
|o Ξ STE
|p 2420000009611
|r 2021-01-17 00:00:00
|t 1
|w 2021-01-17
|y BK15
|x 19991123 0 ΜΑΤΣΙΩΡΗ 1
|x GrPaTEI
|
| 971 |
|
|
|a .b25842900
|b 15-04-20
|c 14-09-16
|
| 999 |
|
|
|c 160172
|d 160172
|